[Event "4NCL Div 1 2018-19"]
[Site "Daventry"]
[Date "2018.11.10"]
[Round "1"]
[White "Jones, Gawain C B"]
[Black "Sreeves, Clement"]
[Result "1-0"]
[WhiteElo "2683"]
[BlackElo "2358"]
[Annotator "TA"]
[PlyCount "65"]
[EventDate "2018.11.10"]
[EventType "team-tourn"]
[EventCountry "GBR"]
[SourceTitle "playchess.com"]
[Source "ChessBase"]
[SourceQuality "1"]

{[%evp 17,65,16,25,19,18,18,31,27,57,60,59,42,45,10,197,20,25,1,1,3,23,8,27,0,110,112,141,139,143,74,211,131,146,127,351,95,340,339,428,411,623,621,810,814,800,563,715,596,657,556]} 1. Nf3 Nf6 2. d4 g6 3. Nbd2 Bg7 4. e4 d6 5. Bd3 O-O 6. O-O Nbd7 7. Re1 e5 8. c3 Re8 9. h3 {B07: Pirc Defence: Miscellaneous Systems} b6 {LiveBook: 9 Games} 10. d5 $146 ({Predecessor:} 10. a4 a6 11. Nf1 Bb7 12. d5 Bxd5 13. exd5 e4 14. Bb1 exf3 15. Rxe8+ Qxe8 16. Qxf3 Nc5 {½-½ (32) Aronian,L (2803)-Grischuk,A (2783) Beijing 2013}) 10... Bb7 11. Bc2 {The position is equal.} Qe7 12. Nc4 Red8 13. Bg5 Nf8 14. Ne3 c6 15. Nh4 N8d7 $2 {[#]} (15... cxd5 $11 16. Nxd5 Bxd5 17. exd5 h6) 16. dxc6 $2 (16. Nhf5 $1 $18 {[%cal Rf5e7]} gxf5 17. Nxf5) 16... Bxc6 $11 17. Nd5 Bxd5 18. exd5 h6 19. Be3 Nc5 20. Qf3 Qd7 {[#]} (20... e4 $11 {remains equal.} 21. Qg3 Nh5) 21. Bxh6 $1 $16 {[%mdl 512]} e4 (21... Bxh6 22. Qxf6) 22. Qe3 $36 {[%mdl 2048] Keeping Black busy.} (22. Bxe4 $6 Ncxe4 23. Bxg7 Kxg7 $11) 22... Nxd5 23. Qd2 ({White should try} 23. Qg5 Nc7 24. Bxg7 Kxg7 25. Rad1 (25. Bxe4 Nxe4 26. Rxe4 Re8 $16)) 23... Bxh6 (23... Nf6 $16 {was called for.}) 24. Qxd5 Qe7 25. Nxg6 Qg5 $2 (25... Qf6 $16) 26. b4 $2 ({Less strong is} 26. Qxg5 Bxg5 27. h4 Bd2 $16) (26. Bxe4 $18 {is the precise move to win.} Nxe4 27. Rxe4) 26... e3 $2 (26... Qxg6 $16 {was necessary.} 27. bxc5 dxc5) 27. bxc5 $18 exf2+ 28. Kxf2 Qf6+ (28... Qxd5 $142 29. Ne7+ Kf8 30. Nxd5 dxc5) 29. Kg1 {White is clearly winning.} dxc5 30. Qh5 Rd2 31. Be4 Kg7 32. Bxa8 fxg6 33. Qe5 {Precision: White = 31%, Black = 29%.} 1-0

[Event "4NCL Div 1 2018-19"]
[Site "Daventry"]
[Date "2018.11.10"]
[Round "1"]
[White "Parligras, Mircea-Emilian"]
[Black "Batchelor, Peter J"]
[Result "1-0"]
[WhiteElo "2645"]
[BlackElo "2324"]
[Annotator "TA"]
[PlyCount "35"]
[EventDate "2018.11.10"]
[EventType "team-tourn"]
[EventCountry "GBR"]
[SourceTitle "playchess.com"]
[Source "ChessBase"]
[SourceQuality "1"]

{[%evp 14,35,47,41,51,51,61,34,36,29,114,107,233,209,283,268,272,285,283,267,757,763,889,481]} 1. e4 c6 2. Nc3 d5 3. Nf3 dxe4 4. Nxe4 Nf6 5. Qe2 Bg4 6. Nxf6+ {B11: Caro-Kann: Two Knights Variation} (6. h3 Bh5 7. Nxf6+ gxf6 8. g3 e6 9. Bg2 Na6 10. d3 Bd6 11. O-O Nc7 12. c4 Qd7 13. b3 {1-0 (51) Vachier Lagrave,M (2780)-Shimanov,A (2626) chess.com INT 2018}) 6... gxf6 7. h3 Bxf3 8. Qxf3 {LiveBook: 5 Games. White is slightly better.} Qd5 9. Be2 e6 $146 ({Predecessor:} 9... Qxf3 10. Bxf3 e6 11. d4 Bd6 12. O-O Nd7 13. c4 {1-0 (30) Li,Y (2392)-Armstrong,M (2100) Bangkok 2017}) 10. O-O f5 11. d4 Bg7 (11... Qxf3 $11 12. Bxf3 Bd6) 12. Qg3 $1 $16 {[%cal Rg3g7]} Rg8 (12... Bf6 $16) 13. c4 $18 Qxd4 14. Rd1 Qe5 15. Bf4 $1 {[%cal Rf4e5]} Qxe2 16. Bxb8 {Black must now prevent Qc7.} f4 $2 ({Of course not} 16... e5 {[#]} 17. Bxe5 $1 {[%mdl 512]} f6 18. Bxf6 $1 $18 {[%mdl 512]}) (16... Qe4 17. Qc7 Qxg2+ 18. Kxg2 Be5+ 19. Kf3 Bxc7 20. Bxc7 Rc8) 17. Qxf4 Bf6 18. Rd2 {Precision: White = 81%, Black = 24%.} 1-0

[Event "4NCL Div 1 2018-19"]
[Site "Daventry"]
[Date "2018.11.10"]
[Round "1"]
[White "Erdos, Viktor"]
[Black "Rendle, Thomas E"]
[Result "1-0"]
[WhiteElo "2604"]
[BlackElo "2373"]
[Annotator "TA"]
[PlyCount "105"]
[EventDate "2018.11.10"]
[EventType "team-tourn"]
[EventCountry "GBR"]
[SourceTitle "playchess.com"]
[Source "ChessBase"]
[SourceQuality "1"]

{[%evp 25,105,16,16,16,16,12,42,42,36,2,30,30,32,24,34,37,28,28,79,81,80,77,77,78,76,77,87,87,95,90,113,116,128,115,137,149,137,109,109,109,106,83,106,106,109,101,114,114,115,83,83,83,83,83,83,83,83,83,83,83,83,83,83,83,147,147,147,147,147,147,147,147,29980,29981,29978,29981,29982,29983,29982,29983,29984,29984]} 1. Nf3 Nf6 2. c4 e6 3. g3 d5 4. Bg2 Be7 5. O-O O-O 6. d4 dxc4 7. Qc2 a6 8. a4 {[%cal Ba2a4,Ba4a5][%mdl 32]} Bd7 9. Qxc4 Bc6 10. Bg5 Nbd7 11. Nc3 h6 12. Bxf6 {E05: Open Catalan: 5 Nf3 Be7} Nxf6 13. a5 (13. b4 Bd5 14. Nxd5 exd5 15. Qb3 c6 16. e3 Ne4 17. Rfc1 Bf6 18. Rab1 Re8 19. b5 axb5 20. axb5 Qd7 21. bxc6 bxc6 {½-½ (60) Xiong,J (2656)-Wang,H (2722) Douglas 2018}) 13... Qd6 {LiveBook: 3 Games} 14. Rfc1 {The position is equal.} Rfd8 15. e3 Qb4 $146 ({Predecessor:} 15... Rac8 16. Qb3 Rb8 17. Qc2 Bxf3 18. Bxf3 c5 19. Ne2 cxd4 20. Nxd4 {½-½ (37) Romanishin,O (2591)-Ivanovic,B (2476) Belgrade 2000}) 16. Qxb4 Bxb4 17. Na4 Bxa5 {[#]} 18. Rxc6 $1 {[%mdl 512]} bxc6 19. Ne5 Bb4 20. Nxc6 a5 21. Rc1 Kf8 (21... Bd6 $11 {keeps the balance.}) 22. Nxd8 Rxd8 23. Rxc7 e5 24. Rc4 exd4 25. Rxd4 Rxd4 26. exd4 $16 {[%mdl 4096] Endgame KBN-KBN} Ke7 27. Kf1 g5 28. Nb6 Kd8 29. Ke2 Kc7 30. Nc4 Ne8 31. Ne3 Bf8 32. b3 Nd6 33. Bd5 Bg7 34. Kd3 Kd7 35. Ng4 Nb5 36. Bxf7 Nxd4 37. Nxh6 (37. Ke4 {looks sharper.} Nc6 38. Ne3 Nd4 39. Bd5 Kc7 40. Ng4) 37... Nxb3 38. Bxb3 Bxh6 {KB-KB} 39. Ke4 {Strongly threatening Kf5.} Bf8 40. Kf5 Be7 41. Ba4+ Kd6 42. h3 Bd8 43. g4 {[%cal Bg3g4,Bg4g5,Bg5g6][%mdl 32]} Be7 44. Bd1 Bd8 (44... Kd7 $142) 45. f4 $1 {[%cal Rf4g5]} gxf4 46. g5 (46. Kxf4 $6 a4 $14) 46... Ke7 47. Kg6 $1 {Threatens to win with h4.} ({Much less strong is} 47. Kxf4 $6 a4 $14) 47... Kf8 {[#]} 48. h4 $1 {[%cal Bh3h4,Bh4h5][%mdl 32] aiming for Kh7.} Kg8 $2 {[%mdl 8192] [#]} (48... f3 $16 49. Bxf3 Kg8 50. Bd5+ Kh8) 49. Bb3+ $1 {White mates.} Kf8 50. Kh7 f3 51. g6 Bf6 52. h5 f2 53. Bc4 {Precision: White = 88%, Black = 56%.} 1-0

[Event "4NCL Div 1 2018-19"]
[Site "Daventry"]
[Date "2018.11.10"]
[Round "1"]
[White "Hawkins, Jonathan"]
[Black "Suarez Real, Alberto"]
[Result "1-0"]
[WhiteElo "2579"]
[BlackElo "2438"]
[Annotator "TA"]
[PlyCount "69"]
[EventDate "2018.11.10"]
[EventType "team-tourn"]
[EventCountry "GBR"]
[SourceTitle "playchess.com"]
[Source "ChessBase"]
[SourceQuality "1"]

{[%evp 25,69,14,25,5,37,20,65,49,84,89,77,79,101,105,102,94,123,126,173,144,178,190,278,278,278,278,278,278,325,300,297,206,218,208,260,259,214,239,437,428,942,937,678,656,985,931]} 1. d4 Nf6 2. c4 g6 3. Nc3 Bg7 4. Nf3 O-O 5. g3 d5 6. cxd5 Nxd5 7. Bg2 c5 8. O-O cxd4 9. Nxd4 Nxc3 10. bxc3 Nc6 11. Be3 Bd7 {D75: Fianchetto Grünfeld: Main Line with 7...c5} (11... Na5 12. Qd3 a6 13. c4 Qc7 14. Rac1 Bd7 15. Qa3 Nxc4 16. Qxe7 Rae8 17. Qb4 b5 18. Bf4 Be5 19. Bxe5 Qxe5 {½-½ (53) Li,C (2750)-Giri,A (2784) Doha 2015}) 12. Rb1 Qc7 13. Qb3 b6 {LiveBook: 3 Games. The position is equal.} 14. Qa3 Bf6 $146 ({Predecessor:} 14... Rfe8 15. Rfd1 Bf8 16. Qa6 Qc8 17. Qxc8 Raxc8 18. Nxc6 Bxc6 19. Bxc6 Rxc6 {1-0 (29) Rausis,I (2586)-Stohl,I (2499) Czechia 2015}) 15. Rfd1 Rad8 16. Nb5 Qc8 17. Nxa7 Nxa7 18. Qxa7 Bf5 19. Rxd8 ({But not} 19. Bxb6 Bxb1 20. Bxd8 Bc2 $11) 19... Rxd8 20. Rc1 (20. Rxb6 {gets mated.} Rd1+ 21. Bf1 Bh3 22. Rb1 Rxb1 23. Bc1 Rxc1 24. Kh1 Rxf1#) 20... b5 21. Qa5 Be6 {[#]} 22. Bb7 $1 $36 {[%mdl 2560] White is on the roll.} Qd7 {[#]} (22... Qxb7 23. Qxd8+) 23. Bc6 $1 {[%cal Rc6d7][%mdl 512]} Qxc6 (23... Qc8 $142 24. Bxb5 Bh3) 24. Qxd8+ $18 Kg7 25. Qd2 {White wants to mate with Bh6+.} h5 26. Bd4 h4 27. Qf4 h3 {[%csl Gh3][%cal Rc6g2]} 28. e4 Bxa2 29. g4 {[%cal Bg3g4,Bg4g5][%mdl 32]} Bc4 30. g5 Bxd4 31. cxd4 {[%cal Bc3d4,Bd4d5][%mdl 32]} Qd7 $2 (31... Qa8 {might work better.} 32. Qe5+ Kg8 33. Qxe7 Qc8) 32. d5 {White is clearly winning.} Qd6 (32... Qc8 $142 33. Rc3 Kg8) 33. Qxd6 exd6 34. Rc3 f6 35. f4 {Precision: White = 86%, Black = 14%.} 1-0

[Event "4NCL Div 1 2018-19"]
[Site "Daventry"]
[Date "2018.11.10"]
[Round "1"]
[White "Pert, Nicholas"]
[Black "Berry, Neil"]
[Result "1-0"]
[WhiteElo "2542"]
[BlackElo "2274"]
[Annotator "TA"]
[PlyCount "95"]
[EventDate "2018.11.10"]
[EventType "team-tourn"]
[EventCountry "GBR"]
[SourceTitle "playchess.com"]
[Source "ChessBase"]
[SourceQuality "1"]

{[%evp 19,95,25,33,22,12,11,16,31,18,16,27,7,0,-16,-19,-37,14,35,57,66,77,71,68,63,141,126,139,135,140,137,137,137,210,200,189,197,308,223,241,237,247,244,351,271,258,236,252,252,244,245,276,241,329,311,308,303,300,312,299,306,468,454,527,525,498,506,495,480,491,493,477,460,904,902,895,895,886,855]} 1. d4 d5 2. c4 c6 3. Nc3 Nf6 4. e3 a6 5. Nf3 Bf5 6. Bd3 {D15: Slav Defence: 4 Nc3 a6 and gambit lines after 4 Nc3 dxc4} (6. Qb3 b5 7. c5 a5 8. Nh4 Bc8 9. f4 g6 10. Bd3 Nh5 11. Nf3 Bf5 12. e4 a4 13. Qc2 dxe4 14. Bxe4 Bxe4 15. Nxe4 {0-1 (53) Gelfand,B (2703)-Grandelius,N (2655) Batumi 2018}) 6... Bxd3 7. Qxd3 e6 8. O-O Be7 9. e4 dxe4 10. Nxe4 Nbd7 {LiveBook: 14 Games} 11. Nc3 O-O 12. Bf4 {[%cal Bc1f4,Bf4g3,Bg3e5,Be5d4][%mdl 32]} Re8 $146 ({Predecessor:} 12... Qa5 13. h3 Rfd8 {½-½ (34) Pedersen,S (2425)-Teplyi,I (2393) Odense 2013}) 13. Rad1 Nf8 14. Ne5 Ng6 15. Bg3 c5 16. Qf3 cxd4 17. Qxb7 Nxe5 (17... Rb8 $15 18. Qxa6 Rxb2) 18. Bxe5 $11 d3 19. Qf3 $36 {[%mdl 2048] Black is under pressure.} Qa5 {[#]} 20. Rfe1 $1 Nd7 21. Bd4 $1 Rac8 (21... Rab8 $14) 22. Qxd3 $16 Bf6 23. Ne4 {Strongly threatening Nd6.} Bxd4 24. Qxd4 Red8 25. Qe3 Nf8 (25... Nf6 $16) 26. Nd6 $18 {And now Nb7 would win.} Rb8 27. Qa7 Qh5 (27... Nd7 $142 28. a3 (28. Nxf7 Ra8 $18) 28... Qb6 29. Qxb6 Nxb6) 28. b3 ({Not} 28. Qxa6 Rxb2 29. Qa3 Rb6 $16) 28... Ra8 29. Qb7 a5 30. h3 Rab8 (30... h6 $142 31. c5 Qxc5) 31. Qa7 Ra8 32. Qe3 Ra6 33. c5 Rc6 34. Rc1 Nd7 35. Nb7 Ra8 36. Qd4 Qd5 37. Red1 Qxd4 38. Rxd4 Rc7 39. c6 Nf8 (39... Nf6 {was worth a try.} 40. Rc5 Nd5 41. Nxa5 g6) 40. Ra4 {White is clearly winning.} Ra6 41. Nxa5 f6 42. b4 {[%cal Bb3b4,Bb4b5][%mdl 32]} Rb6 43. Rc5 e5 44. b5 Ne6 45. Nc4 Nxc5 (45... Rb8 $142) 46. Ra8+ Kf7 47. Nxb6 Ke6 48. a4 {Precision: White = 71%, Black = 43%.} 1-0

[Event "4NCL Div 1 2018-19"]
[Site "Daventry"]
[Date "2018.11.10"]
[Round "1"]
[White "Le Roux, Jean-Pierre"]
[Black "Morrison, Graham"]
[Result "1-0"]
[WhiteElo "2534"]
[BlackElo "2300"]
[Annotator "TA"]
[PlyCount "119"]
[EventDate "2018.11.10"]
[EventType "team-tourn"]
[EventCountry "GBR"]
[SourceTitle "playchess.com"]
[Source "ChessBase"]
[SourceQuality "1"]

{[%evp 14,119,8,7,21,14,14,-15,-25,4,24,20,27,0,3,9,3,11,18,16,8,16,35,24,36,30,152,159,162,166,160,147,176,131,256,253,218,167,215,136,153,141,163,145,166,103,110,122,193,150,150,152,182,187,434,438,474,468,387,248,345,221,181,0,8,0,0,0,0,0,80,89,297,297,289,0,283,282,282,282,275,275,268,268,260,235,12799,12799,12799,12799,12799,12799,12799,12799,12798,12797,7120,6095,12799,12799,29986,29987,29988,29989,29995,29996,29997,29991]} 1. e4 {Hecht,H} c5 2. Nf3 e6 3. b3 a6 4. Bb2 Nc6 5. c4 Nf6 6. e5 {B40: Sicilian: 2...e6, Unusual lines} Ng4 7. h3 Nh6 8. Bd3 {LiveBook: 9 Games. The position is equal.} (8. g4 d6 9. Bg2 dxe5 10. Nxe5 Nxe5 11. Bxe5 f6 12. Bb2 Nf7 13. d4 cxd4 14. Qxd4 {0-1 (32) Onischuk,V (2637)-Svidler,P (2765) Riadh 2017}) 8... Be7 9. O-O O-O 10. Nc3 $146 ({Predecessor:} 10. Be4 Kh8 11. Nc3 f6 12. exf6 Bxf6 13. Qb1 {0-1 (50) Rowson,J (2490)-Hillarp Persson,T (2445) Edinburgh 1997 CBM 063 [Hecht,H]}) 10... d6 11. exd6 Qxd6 12. Be4 Bd7 13. Re1 f5 14. Bxc6 $1 Bxc6 15. Qe2 $36 {[%mdl 2048] White has some pressure.} Bf6 16. Qxe6+ Qxe6 17. Rxe6 Bxf3 18. gxf3 Rad8 19. Rd1 Rd3 (19... Nf7 $11) 20. Na4 $1 $16 {[%cal Ra4c5]} Bxb2 21. Nxb2 Rd4 22. Na4 Nf7 23. Kg2 Ng5 (23... Nd8 $16 24. Re7 (24. Nxc5 Nxe6 25. Nxe6 Rd3 $16) 24... b5) 24. Rb6 $18 (24. Nxc5 $6 Nxe6 25. Nxe6 Rd3 $16) 24... Rc8 25. Rxb7 Rc6 26. Rb6 Rxb6 27. Nxb6 $16 {[%mdl 4096] Endgame KRN-KRN} Rd3 28. Nd5 $1 Nxf3 29. Ne7+ (29. Nf4 $1 $18 {[%cal Rf4d3]} Nh4+ 30. Kf1) 29... Kf7 30. Nxf5 g6 {[#]} (30... Ne5 $16 {might work better.} 31. Ne3 g5) 31. Nd6+ $1 {[%mdl 512]} Rxd6 32. Kxf3 {KR-KR} Rd3+ 33. Ke4 Rxh3 $2 (33... Rd4+ {keeps fighting.} 34. Ke5 Rd3) 34. Kd5 $18 Rh5+ 35. Kc6 Rf5 36. Kb6 g5 37. Kxa6 Rxf2 38. Kb5 $2 (38. a4 $1 $18) 38... g4 39. Rg1 h5 40. a4 {And now a5 would win.} (40. Kxc5 $6 Rxd2 41. a4 Rd3 $16) 40... Rxd2 41. Kxc5 Rd3 (41... Kf6 $11) 42. Rh1 $16 {Black must now prevent b4.} Kg6 $2 (42... Rxb3 $16 43. Rxh5 Rb2) 43. b4 $18 g3 {[#]} 44. a5 $2 (44. b5 $1 $18) 44... Kg5 $2 {[%mdl 8192]} (44... Ra3 $1 $11) 45. a6 {b5 is the strong threat.} h4 46. b5 {Strongly threatening b6.} g2 {[#]} 47. Rg1 $1 h3 48. a7 Ra3 49. b6 {Threatens to win with b7.} Kf5 $2 (49... Ra5+ 50. Kb4 Kf5 51. Kxa5 (51. b7 h2 $11) 51... h2 52. Rxg2 h1=Q) 50. b7 h2 51. Rxg2 h1=Q 52. a8=Q {Intending Qf8+ and mate.} ({Less strong is} 52. Rf2+ Ke6 $16) 52... Qxg2 53. Qc8+ Kf6 54. Qf8+ Ke6 55. Qd6+ Kf7 56. Qf4+ Ke6 57. b8=Q {[%cal Rb8e8] White mates.} Ra5+ 58. Kb4 {[%cal Rb8e8]} Qb7+ 59. Qxb7 {[%csl Gf4][%cal Rb7f7]} Rb5+ 60. Kc3 {Precision: White = 72%, Black = 36%.} 1-0

[Event "4NCL Div 1 2018-19"]
[Site "Daventry"]
[Date "2018.11.10"]
[Round "1"]
[White "Speelman, Jon S"]
[Black "Stork, Oliver"]
[Result "1-0"]
[WhiteElo "2508"]
[BlackElo "2197"]
[Annotator "TA"]
[PlyCount "49"]
[EventDate "2018.11.10"]
[EventType "team-tourn"]
[EventCountry "GBR"]
[SourceTitle "playchess.com"]
[Source "ChessBase"]
[SourceQuality "1"]

{[%evp 32,49,104,101,97,88,116,100,279,276,368,370,713,692,693,641,751,745,1006,1004]} 1. Nf3 Nf6 2. c4 e6 3. g3 d5 4. Bg2 Be7 5. O-O O-O 6. d4 c6 {[%cal Bc7c6,Bc6c5][%mdl 32]} 7. Qc2 b6 8. b3 Bb7 9. Bb2 Nbd7 10. Nc3 Rc8 11. e4 c5 12. exd5 exd5 13. Rfd1 Qc7 {E08: Closed Catalan: Main Line: 7 Qc2} 14. cxd5 Nxd5 15. Nxd5 Bxd5 16. dxc5 Bxf3 17. Bxf3 {LiveBook: 4 Games. c6 is the strong threat.} Nxc5 18. Qf5 g6 $146 {[#]} ({Predecessor:} 18... Rcd8 19. Bd5 Qc8 20. Qh5 Nd7 21. Be4 g6 22. Qf3 f6 23. Rac1 Qb8 24. Qg4 Ne5 25. Qe6+ Rf7 26. Rxd8+ {1-0 (26) Chekhov,V (2535)-Goetz,R (2310) Germany 1996}) 19. Qg4 $1 {Threatens to win with Bd5.} Rfd8 $2 (19... Ne6 $16) 20. Bd5 $18 {Intending Qd4 and mate.} Nd7 21. Rac1 Qb8 $2 (21... Qxc1 22. Rxc1 Rxc1+ 23. Bxc1 Nf6 24. Bxf7+ Kxf7) 22. Rxc8 {White is clearly winning.} Qxc8 23. Qf3 {[%csl Gd5][%cal Rf3f7]} Rf8 24. Bc4 {White wants to mate with Rxd7!} b5 {[#]} 25. Rxd7 $1 {[%mdl 512]} 1-0

[Event "4NCL Div 1 2018-19"]
[Site "Daventry"]
[Date "2018.11.10"]
[Round "1"]
[White "Paehtz, Elisabeth"]
[Black "White, Stuart A"]
[Result "1-0"]
[WhiteElo "2495"]
[BlackElo "2113"]
[Annotator "TA"]
[PlyCount "60"]
[EventDate "2018.11.10"]
[EventType "team-tourn"]
[EventCountry "GBR"]
[SourceTitle "playchess.com"]
[Source "ChessBase"]
[SourceQuality "1"]

{[%evp 10,60,0,-7,0,0,0,-1,8,2,-3,-17,-17,-36,-27,-57,18,-20,-18,-29,-25,-22,-13,-12,-4,-2,-4,-16,-3,-15,2,0,0,-62,-61,-37,-12,-35,-51,-52,0,0,38,-18,350,352,877,877,893,914,897,867,836]} 1. e4 e6 2. Qe2 c5 3. Nf3 Nc6 4. c3 d5 5. exd5 Qxd5 6. Na3 {LiveBook: 4 Games. C00: French: Unusual White 2nd moves} Bd6 $146 ({Predecessor:} 6... Nf6 7. g3 Qd8 8. Bg2 Be7 9. O-O O-O 10. Rd1 Bd7 11. Nc2 Qa5 12. d4 {½-½ (28) Zvjaginsev,V (2643)-Tregubov,P (2589) Moscow 2017}) 7. Nc4 Bc7 8. g3 {The position is equal.} Nge7 9. Bg2 Qh5 10. d3 O-O 11. a4 Rd8 12. Be3 Nd5 (12... b6 $15) 13. O-O b6 14. Rfe1 Bb7 15. Rad1 Rac8 16. Bc1 Ba8 17. h3 h6 18. Qf1 Qg6 19. Qe2 Qf6 20. Nh2 Qe7 21. f4 (21. Qh5 $11) 21... Qd7 22. Nf3 Re8 23. Nfe5 Nxe5 24. fxe5 Qxa4 (24... Ne7 $15) 25. Rf1 {Hoping for Bxh6!} Re7 26. Qg4 (26. Bxh6 $14 gxh6 27. Qg4+ Kf8 28. Ra1) 26... Kf8 $2 {[%mdl 8192]} (26... f5 $1 $11 27. exf6 Nxf6 28. Rxf6 Bxg2 29. Kxg2 h5 30. Qxh5 gxf6 31. Qg4+ Kh8 32. Qh4+ Kg8 33. Qg4+ Kh8 34. Qh4+ Kg8 35. Qg4+) 27. Be4 $18 Ke8 $2 (27... Qc6 28. Qg6 b5) 28. Bxd5 {[#] Threatens to win with Nd6+.White is clearly winning.} Bxd5 29. Nd6+ Bxd6 30. Qxa4+ Bc6 {Precision: White = 53%, Black = 33%.} 1-0

[Event "4NCL Div 1 2018-19"]
[Site "Daventry"]
[Date "2018.11.10"]
[Round "1"]
[White "Gormally, Daniel W"]
[Black "Pakleza, Zbigniew"]
[Result "1/2-1/2"]
[WhiteElo "2483"]
[BlackElo "2508"]
[Annotator "TA"]
[PlyCount "39"]
[EventDate "2018.11.10"]
[EventType "team-tourn"]
[EventCountry "GBR"]
[SourceTitle "playchess.com"]
[Source "ChessBase"]
[SourceQuality "1"]

{[%evp 13,39,33,45,42,50,45,77,72,71,70,77,44,55,27,27,24,24,26,16,0,49,0,0,0,43,0,0,0]} 1. e4 d6 2. d4 Nf6 3. Nc3 e5 4. dxe5 dxe5 5. Qxd8+ Kxd8 6. Nf3 Bd6 7. Be3 {B07: Pirc Defence: Miscellaneous Systems} (7. Bc4 Ke7 8. Bg5 c6 9. O-O-O Be6 10. Bxe6 fxe6 11. Nd2 Nbd7 12. f3 b5 13. a4 a6 14. Nb3 Bb4 15. Rd3 c5 16. Rhd1 Rhd8 {1-0 (50) Urkedal,F (2572)-Plat,V (2569) chess.com INT 2018}) 7... Ke7 {LiveBook: 10 Games} 8. a3 Be6 9. Ng5 {White is slightly better.} h6 $146 ({Predecessor:} 9... Ng4 10. Bc1 Nc6 11. Nxe6 fxe6 12. f3 Nd4 13. Bg5+ Nf6 14. O-O-O h6 {1-0 (70) Ederer,K (1861)-Duchene,K (1800) LSS email 2014}) 10. Nxe6 fxe6 11. f3 a6 12. Na4 Nfd7 13. b4 b5 14. Nc5 Bxc5 15. bxc5 Nc6 16. O-O-O Na5 (16... Nd4 $5) 17. Bd2 Nc6 18. Be3 $1 Na5 19. Bd2 Nc6 20. Be3 $1 {Precision: White = 48%, Black = 73%.} 1/2-1/2

[Event "4NCL Div 1 2018-19"]
[Site "Daventry"]
[Date "2018.11.10"]
[Round "1"]
[White "Ris, Robert"]
[Black "Howell, David W L"]
[Result "1/2-1/2"]
[WhiteElo "2450"]
[BlackElo "2697"]
[Annotator "TA"]
[PlyCount "58"]
[EventDate "2018.11.10"]
[EventType "team-tourn"]
[EventCountry "GBR"]
[SourceTitle "playchess.com"]
[Source "ChessBase"]
[SourceQuality "1"]

{[%evp 20,58,10,8,8,0,35,28,45,35,37,46,37,0,46,50,52,37,56,51,53,9,11,9,9,16,6,0,5,0,0,0,0,0,0,0,0,0,0,0,0]} 1. e4 e5 2. Nf3 {[%cal Bg1f3,Bf3d4,Bd4b3][%mdl 32]} Nc6 3. d4 exd4 4. Nxd4 Bc5 5. Nb3 Bb6 6. Nc3 Nf6 7. Qe2 {C45: Schottische Partie} O-O 8. Bg5 Nd4 9. Qd2 Nxb3 10. axb3 h6 11. Be3 {LiveBook: 9 Partien} Bxe3 12. Qxe3 d5 {Weiss muss nun ...d4 beachten.} 13. O-O-O $1 {[%cal Rc3d5]} c6 14. exd5 {[#]} Nxd5 $146 ({Vorgänger:} 14... cxd5) 15. Nxd5 cxd5 16. Rd4 Be6 (16... Qa5 $5 {[%cal Ra5a1]} 17. Ra4 Qd8 $11) 17. Bd3 Re8 18. Qd2 Qb6 19. g4 a5 (19... Qxd4 $2 {verliert.} 20. Bh7+ $1 {[%mdl 512]} Kxh7 21. Qxd4 $18) 20. h4 Bd7 {Die Stellung ist ausgeglichen.} (20... Qxd4 $2 {[#] geht unter.} 21. Bh7+ $1 {[%mdl 512]} Kxh7 22. Qxd4 $18) 21. Qf4 Bb5 22. Bxb5 Qxb5 23. Kb1 Rac8 24. Rhd1 Re2 25. Rxd5 Rcxc2 26. Rxb5 {jetzt Td8+ und aus.} Rxb2+ 27. Ka1 Ra2+ 28. Kb1 {Weiss droht Td8+ und Matt.} Reb2+ 29. Kc1 {Beabsichtigt Td8+ und Matt.} Rc2+ {Precision: Weiß = 70%, Schwarz = 71%.} 1/2-1/2